000 00731nam a22002415u 4500
001 33093
003 BD-RjUL
005 20211209051938.0
008 140430s1981 ii 001 0 eng d
035 _a(BD-RjUL)33184
040 _aUkOxU
_beng
_cUkOxU
_dBD-RjUL
041 1 _aeng
_hara
082 0 0 _a297.63
_bNAM 1981
100 1 _aNadwi, Saiyid Sulaiman ,
_d1884-1953.
_9100553
245 1 0 _aMuhammad :
_bthe ideal prophet /
_cby Sayyid Sulaiman Nadwi ; [transl. by Mohiuddin Ahmad].
250 _a2nd ed.
260 _aIndia :
_bIslamic research,
_c1981.
300 _a191 p. ;
_c22 cm.
504 _aInclude index
600 0 _aMuḼammad,
_cProphet,
_d-632.
_9100555
700 1 _aAhmad, Mohiuddin.
_9100291
942 _2ddc
_cBK
999 _c33093
_d33093